Statistics for World Map without 12 Countries

Click here to take the quiz!

General Stats

  • This quiz has been taken 164,864 times
  • The average score is 9 of 12

Answers on the Map

Answers color-coded by a green-red scale on the quiz's map according to % correct below.
Loading ...
 

Answer Stats

Country% Correct
Japan
91%
Turkey
89%
New Zealand
86%
Norway
85%
Chile
80%
Denmark
80%
South Korea
80%
Madagascar
76%
Sri Lanka
74%
Bangladesh
64%
Somalia
54%
Cyprus
44%

Score Distribution

Percentile by Number Answered

Percent of People with Each Score

Your Score History

You have not taken this quiz